000 00364nam a2200133Ia 4500
008 210428s9999 xx 000 0 und d
020 _a0-8493-2803-9
082 _a358.34 E44H
100 _aD.Hank Ellison
_952147
245 0 _aHandbook of Chemical and Biological Warfare Agents
260 _bCRC Press
_aBoca Raton
_c2000
300 _a507p.
942 _cBK
_2ddc
999 _c559913
_d559913